{"text_format":"3","workbook":"xls","n_sheets":3,"sheets":["mt6739","NAND","emmc_region"],"not_rendered":{"external_links":1},"read":"whole","date_system":"1900","formulas":"cached_only"}

{"sheet":"mt6739","index":0,"n_rows":7,"n_cols":32,"rows_kept":7,"merged":[[0,0,2,0],[0,1,2,1],[0,2,2,2],[0,3,2,3],[0,4,2,4],[0,5,2,5],[0,6,2,6],[0,7,2,7],[0,8,1,24]],"flags":["formulas_cached_only"]}
["Vendor","Part Number","Type","Density (Mb)","Board ID","NAND/eMMC ID","FW ID","Nand Page Size (B)","MT6739",{"$nulls":16},"LPDDR2","MODE_REG1","MODE_REG2","MODE_REG3","MODE_REG5","MODE_REG10","MODE_REG63"]
[{"$nulls":25},"PCDDR3","DDR3_MODE_REG0","DDR3_MODE_REG1","DDR3_MODE_REG2","DDR3_MODE_REG3","DDR3_MODE_REG4","DDR3_MODE_REG5"]
[{"$nulls":8},"CONA_VAL","DRVCTL0_VAL","DRVCTL1_VAL","ACTIM_VAL","GDDR3CTL_VAL","CONF1_VAL","DDR2CTL_VAL","TEST2_3_VAL","CONF2_VAL","PD_CTRL_VAL","PADCTL3_VAL","DQODLY_VAL","ADDRDLY_VAL","CLKDLY_VAL","ACTIM1_VAL","MISCTL0_VAL","ACTIM05T_VAL","LPDDR3","MODE_REG1","MODE_REG2","MODE_REG3","MODE_REG5","MODE_REG10","MODE_REG63"]
["Hynix ","H9CCNNNBJTMLAR","Discrete LPDDR3","8192+8192","MT6739_EVB",{"$nulls":3},"0x0002A052","0xAA00AA00","0xAA00AA00","0x559A45D6","0x01000000","0xF0048483","0xC00642D1","0xBF0B0401","0x0180B050","0xD1654842","0x00008888","0x88888888","0x00000000","0x00000000","0x11001330","0x17800000","0x00001420","LPDDR3","0x00C30001","0x00080002","0x00020003","0x00000006","0x00FF000A","0x0000003F"]
["Kingston","08EMCP08-NL2DT227","MCP(eMMC+LPDDR2)","8192+8192","MT6739_EVB","0x90014A483447326111",null,null,"0x00025052","0xAA00AA00","0xAA00AA00","0x555844A3","0x01000000","0xF0048483","0xA00632D1","0xBF0D0401","0x0180B040","0xD1644742","0x00008888","0xEEEEEEEE","0x00000000","0x00000000","0x01000D20","0x07800000","0x0C0026C1","LPDDR2","0x00C30001","0x00060002","0x00020003","0x00000001","0x00FF000A","0x0000003F"]
["Hynix ","H9CCNNNBJTMLAR_1GB","Discrete LPDDR3",8192,"MT6739_EVB",{"$nulls":3},"0x00002012","0xAA00AA00","0xAA00AA00","0x559A45D6","0x01000000","0xF0048483","0xC00642D1","0xBF0B0401","0x0180B050","0xD1654842","0x00008888","0x88888888","0x00000000","0x00000000","0x11001330","0x17800000","0x00001420","LPDDR3","0x00C30001","0x00080002","0x00020003","0x00000006","0x00FF000A","0x0000003F"]
["Hynix ","H9CCNNNBJTMLAR_2GB","Discrete LPDDR3","8192+8192","MT6739_EVB",{"$nulls":3},"0x000250A2","0xAA00AA00","0xAA00AA00","0x559A45D6","0x01000000","0xF0048483","0xC00642D1","0xBF0B0401","0x0180B050","0xD1654842","0x00008888","0x88888888","0x00000000","0x00000000","0x11001330","0x17800000","0x00001420","LPDDR3","0x00C30001","0x00080002","0x00020003","0x00000006","0x00FF000A","0x0000003F"]

{"sheet":"NAND","index":1,"n_rows":6,"n_cols":12,"rows_kept":6,"flags":["formulas_cached_only"]}
["Vendor","Part_Number","Nand_ID","AddrCycle","IOWidth","TotalSize_MB","BlockSize_KB","PageSize_B","SpareSize_B","Timing","CacheRead","RandomRead"]
["ELPIDA","EHD013151MA_50","0x20BC105554",5,16,512,128,2048,64,"0x1123","NO","NO"]
["Samsung","K524G2GACB_A050","0xECBC005554",5,16,512,128,2048,64,"0x1123","NO","NO"]
["Micron","MT29C4G96MAZAPCJA_5IT","0x2CBC905556",5,16,512,128,2048,64,"0x21044333","NO","NO"]
["Samsung","KA100O015E_BJTT","0xECBC006656",5,16,512,256,4096,128,"0x21044333","NO","YES"]
["Hynix","H9DA4GH4JJAMCR_4EM","0xADBC905554",5,16,512,128,2048,64,"0x10801011","NO","NO"]

{"sheet":"emmc_region","index":2,"n_rows":13,"n_cols":11,"rows_kept":13,"flags":["formulas_cached_only"]}
["Part Number","Vendor","Boot1(KB)","Boot2(KB)","RPMB(KB)","GP1","GP2","GP3","GP4","User(KB)","TotalSize(MB)"]
["H9DP32A4JJMCGR","Hynix",2048,2048,2048,0,0,0,0,3778560,3696]
["H9TP33A8LDMCMR","Hynix",2048,2048,2048,0,0,0,0,3524608,3448]
["H9TP32A4GDMCPR","Hynix",2048,2048,2048,0,0,0,0,3778560,3696]
["H9TP32A8JDACPR_KGM","Hynix",2048,2048,2048,0,0,0,0,3778560,3696]
["H9TQ65A8JTMCUR_KTM ","Hynix",4096,4096,4096,0,0,0,0,7634944,7468]
["KMSJS000KM_B308","Samsung",1024,1024,128,0,0,0,0,3817472,3730.125]
["KMNJS000ZM_B205","Samsung",1024,1024,128,0,0,0,0,3815296,3728]
["KMJJS000WM_B409","Samsung",1024,1024,128,0,0,0,0,3817472,3730.125]
["KMKLL000UM_B406","Samsung",512,512,128,0,0,0,0,3906432,3816]
["KMKJS000VM_B309","Samsung",1024,1024,128,0,0,0,0,3815296,3728]
["MT29KZZZ4D4TGFAK_5W","Micron",2048,2048,2048,{"$nulls":4},3900000]
["END"]